[Event "7th RTU Open 2017"]
[Site "Riga"]
[Date "2017.08.10"]
[Round "6"]
[White "Thorfinnsson, Bragi"]
[Black "Mandizha, Farai"]
[Result "0-1"]
[WhiteElo "2461"]
[BlackElo "2392"]
[Annotator "TA"]
[PlyCount "66"]
[EventDate "2017.??.??"]
[EventType "swiss"]
[EventCountry "LAT"]
[SourceTitle "playchess.com"]
[Source "ChessBase"]
[SourceQuality "1"]

{[%evp 9,66,0,46,37,34,15,47,-18,64,70,74,72,66,41,67,-7,90,0,52,42,49,0,0,-58,-43,-73,-80,-144,-154,-145,-139,-214,-234,-231,-125,-193,-185,-389,-391,-385,-381,-374,-376,-425,-410,-433,-275,-391,-392,-376,-352,-545,-554,-628,-642,-672,-651,-953,-957]} 1. d4 Nf6 2. Bf4 g6 3. Nc3 d5 4. e3 Bg7 5. h4 c5 (5... c6 6. Nf3 Bg4 7. Be2 Nbd7 8. Ne5 Bxe2 9. Qxe2 h5 10. O-O-O Qa5 11. Kb1 {1-0 (44) Karjakin,S (2781)-Giri,A (2771) Stavanger 2017}) 6. Nb5 {And now Nc7+ would win. A45: Trompowsky Attack} Na6 $1 7. c3 O-O 8. h5 $146 (8. Be2 $14) ({Predecessor:} 8. Be2 h6 9. Nf3 Ne4 10. Ne5 Nd6 11. a4 {1-0 (47) Zhang,Z (2641)-Praggnanandhaa,R (2447) Dubai 2017}) 8... Bg4 (8... Nxh5 $11 9. Be5 Bxe5 10. dxe5 c4) 9. f3 $1 $14 {[%cal Rf3g4]} Bd7 10. g4 $1 Qb6 11. Qe2 Rac8 12. Nh3 ({White should try} 12. a4 $14) 12... Rfe8 (12... gxh5 $11 {keeps the balance.} 13. g5 Ne8) 13. Be5 (13. hxg6 $16 hxg6 14. a4) 13... Nb8 ({But not} 13... gxh5 14. g5 $16) ({Black should play} 13... cxd4 $11 14. hxg6 hxg6) 14. hxg6 hxg6 15. Nf4 cxd4 16. exd4 (16. Nxd4 $11 Nc6 17. Nxc6 Bxc6 18. O-O-O) 16... Nc6 $1 $36 {[%mdl 2048] Black has the initiative.} 17. a4 a6 18. Na3 (18. a5 $142 Nxa5 19. Na3) 18... Nxe5 $17 19. dxe5 Bxa4 20. g5 (20. Qf2 $17 Nd7 21. e6) 20... Nd7 $19 21. e6 fxe6 ({Better is} 21... Ne5 $1 $19 22. Bh3 f5 23. gxf6 Bxf6 24. Nxd5 Qd6) 22. Bh3 {[#]} (22. Qxe6+ $17 Qxe6+ 23. Nxe6) 22... Nf8 $1 {Strongly threatening ...Rxc3!} 23. Nxe6 $2 {[#]} (23. Bxe6+ Nxe6 24. Qxe6+ Qxe6+ 25. Nxe6) 23... Rxc3 $1 {[%mdl 512]} 24. bxc3 Bxc3+ 25. Kf1 {aiming for Rb1.} Bxa1 26. Nxf8 Kxf8 27. Be6 {intending Rh4.} Qb2 28. Qe3 {[#]} (28. Rh4 $142 Qc1+ 29. Qe1 Qxe1+ 30. Kxe1) 28... Qe5 $1 {[%cal Re5e3]} 29. Qxe5 Bxe5 30. Rh7 (30. Bxd5 $142 b5 31. Be4) 30... Rd8 {Black is clearly winning.} 31. Rf7+ Ke8 {Hoping for ...Rd6.} 32. Rh7 Rd6 33. Bf7+ Kf8 {Precision: White = 32%, Black = 53%.} 0-1

[Event "7th RTU Open 2017"]
[Site "Riga"]
[Date "2017.08.10"]
[Round "6"]
[White "Wieczorek, Oskar"]
[Black "Krykun, Yuriy"]
[Result "1/2-1/2"]
[WhiteElo "2460"]
[BlackElo "2350"]
[Annotator "TA"]
[PlyCount "101"]
[EventDate "2017.??.??"]
[EventType "swiss"]
[EventCountry "LAT"]
[SourceTitle "playchess.com"]
[Source "ChessBase"]
[SourceQuality "1"]

{[%evp 9,101,-10,17,-9,46,41,38,0,45,28,44,-20,8,-13,-16,-22,-14,-7,-13,-10,27,0,0,0,0,-15,0,0,0,0,12,0,0,-19,-31,-43,-55,-48,-40,-57,-41,-74,-79,-77,-60,-94,-89,-133,-114,-169,-160,-167,-142,-136,-62,-372,-363,-475,-462,-915,-874,-849,-760,-1307,-758,-711,-312,-298,-301,-411,-140,-242,-105,-111,-104,-116,0,0,0,0,0,0,0,0,0,0,0,0,0,0,0,0,0,0]} 1. c4 g6 2. d4 Nf6 3. Nc3 d5 4. Nf3 Bg7 5. h4 c6 (5... O-O 6. cxd5 Nxd5 7. h5 c5 8. hxg6 hxg6 9. Bh6 Bxh6 10. Rxh6 Nxc3 11. bxc3 Kg7 12. Qd2 cxd4 {½-½ (42) Li,C (2735)-Svidler,P (2749) Geneve 2017}) 6. Bg5 {D90: Grünfeld: 4 Nf3 Bg7 sidelines} Ne4 (6... dxc4 $11 7. e4 b5) 7. e3 $14 Qa5 8. Qb3 {White is slightly better.} dxc4 9. Bxc4 Nd6 $1 10. h5 $146 ({White should try} 10. Be2 $14) ({Predecessor:} 10. Be2 Bg4 11. Bf4 Qb6 12. Qc2 Nd7 {0-1 (40) Villegas,P (2329)-Goh,W (2444) Baku 2016}) 10... Nxc4 11. Qxc4 (11. h6 $5 {[%cal Rh6g7]} Bxd4 12. exd4 $11) 11... h6 12. Bf4 Be6 13. Qd3 $132 {[%mdl 2048] White is not keeping still} g5 14. Be5 f6 15. Bxb8 Rxb8 16. Qg6+ Kf8 17. Qd3 Kf7 18. Qg6+ Kf8 19. Qc2 Kf7 20. Nd2 (20. d5 $5 cxd5 21. Nd4 $11) 20... Rhd8 21. Nb3 Qf5 22. Qe2 Qg4 23. f3 Qg3+ 24. Kf1 Kg8 25. Nc5 {[#]} Bf7 $1 26. Rc1 Qc7 27. g4 e5 28. Qh2 Qe7 29. Kg2 {[#]} (29. Re1 $17 {is a better defense.}) 29... f5 $1 $19 ({Resist} 29... exd4 30. exd4 f5 31. Rhe1 $17) 30. gxf5 exd4 31. exd4 Qf6 ({Black should play} 31... Bxd4 $17 32. N5e4 Be5) 32. Nd7 $2 {[%mdl 8192]} (32. Qe5 $15) 32... Qxf5 33. Nxb8 Rxd4 34. Rhf1 (34. Rhe1 $142 Rd2+ 35. Re2 Bxc3 36. Rxd2 Bxd2 37. Nxc6) 34... Be5 35. Qg1 Rh4 36. Rcd1 Qf4 {[%csl Ge5][%cal Rf4g3]} 37. Rf2 Bxb8 (37... Bc4 $142 {[%csl Ge5][%cal Rf4g3]} 38. Ne2 Bxe2 39. Rd8+ Kf7 40. Rxe2 Rh2+ 41. Qxh2 Qxh2+ 42. Kf1 Qh1+ 43. Kf2 Bxb8 44. Rd7+ Kf6 45. Rxb7 Qxh5) 38. Rd8+ Kg7 39. Ne2 Qc7 $2 (39... Qf5 $19 {[%csl Gh4][%cal Rf5h3] and Black stays clearly on top.} 40. Kf1 Bc7) 40. Qd1 (40. Rd4 $17) 40... Bd5 (40... Qh2+ $19 41. Kf1 Qh3+ 42. Ke1 Bc7) 41. Rxd5 $17 cxd5 42. Qxd5 Rxh5 (42... Qb6 $17 {( -> ...Rh2+)} 43. Kg1 Qc6 44. Qxc6 bxc6) 43. f4 $1 $11 {Ng3 is the strong threat.The position is equal.} Rh4 {[%cal Rg5f4]} (43... Qf7 $5 {[%cal Rf7d5]} 44. Qd4+ Qf6 $11) 44. Ng3 {Black must now prevent Nf5+.} Rg4 45. Qd4+ Kg8 46. Qd5+ Qf7 47. Qd8+ Qf8 48. Qd5+ Qf7 49. Qd8+ Qf8 50. Qd5+ Qf7 51. Qd8+ {Precision: White = 43%, Black = 44%.} 1/2-1/2

[Event "7th RTU Open 2017"]
[Site "Riga"]
[Date "2017.08.10"]
[Round "6"]
[White "Lanka, Zigurds"]
[Black "Bogner, Sebastian"]
[Result "1/2-1/2"]
[WhiteElo "2434"]
[BlackElo "2600"]
[Annotator "TA"]
[PlyCount "41"]
[EventDate "2017.??.??"]
[EventType "swiss"]
[EventCountry "LAT"]
[SourceTitle "playchess.com"]
[Source "ChessBase"]
[SourceQuality "1"]

{[%evp 12,41,0,-7,-16,-39,-41,-52,-11,-79,-78,-75,-77,-78,-81,-81,-72,-81,-65,-50,-66,-69,-84,-81,-79,-72,-87,-105,-100,-120,-82,-135]} 1. e4 c5 2. Nf3 Nf6 3. Nc3 d5 4. Bb5+ Bd7 5. Bxd7+ Qxd7 6. exd5 Nxd5 7. O-O Nc6 {B29: Sicilian: 2 Nf3 Nf6 (Nimzowitsch Variation)} 8. Ne4 (8. d4 Nxc3 9. bxc3 Rd8 10. Be3 cxd4 11. cxd4 e6 12. c4 Be7 13. Qb3 O-O 14. Rab1 b6 15. Qb5 {½-½ (62) Vidarte Morales,A (2355)-Alonso Rosell,A (2537) Barcelona 2017}) 8... e5 9. Re1 Be7 {Black is slightly better.} 10. Ng3 {[#]} (10. c4 $11 Nb6 11. Nc3) 10... f6 $1 $17 11. c3 O-O-O 12. d4 {[%cal Rd4e5]} cxd4 13. cxd4 Bb4 14. Bd2 Nxd4 15. Nxd4 exd4 16. Re4 $146 Bxd2 17. Qxd2 {Black is better.} Ne7 18. Rd1 {[%cal Re4d4]} Nc6 19. b4 d3 20. h3 Qd5 21. Kh2 {Precision: White = 46%, Black = 77%.} (21. Qc3 $142) 1/2-1/2

[Event "7th RTU Open 2017"]
[Site "Riga"]
[Date "2017.08.10"]
[Round "6"]
[White "Abdumalik, Zhansaya"]
[Black "Vorobiov, Evgeny E"]
[Result "1/2-1/2"]
[WhiteElo "2423"]
[BlackElo "2569"]
[Annotator "TA"]
[PlyCount "33"]
[EventDate "2017.??.??"]
[EventType "swiss"]
[EventCountry "LAT"]
[SourceTitle "playchess.com"]
[Source "ChessBase"]
[SourceQuality "1"]

{[%evp 30,33,0,0,23,0]} 1. e4 c5 2. Nf3 Nc6 3. d4 cxd4 4. Nxd4 g6 5. c4 Bg7 6. Be3 Nf6 7. Nc3 O-O 8. Be2 d6 9. O-O Bd7 10. f3 Qb6 11. Ncb5 a6 {B38: Sicilian: Maroczy Bind with 5...Bg7 and 7...0-0} 12. Nc2 Qa5 13. Bd2 $146 (13. Nc3 Rfc8 14. Qd2 Ne5 15. c5 dxc5 16. f4 Neg4 17. e5 Rd8 18. exf6 Bf5 19. Qe1 Nxf6 {½-½ (47) Svetushkin,D (2588)-Gharamian,T (2663) Metz 2013}) 13... Qb6+ 14. Be3 Qa5 15. Bd2 Qb6+ 16. Be3 {LiveBook: 16 Games} Qa5 17. Bd2 1/2-1/2

[Event "7th RTU Open 2017"]
[Site "Riga"]
[Date "2017.08.10"]
[Round "6"]
[White "Henderson de La Fuente, Lance"]
[Black "Vishnu Prasanna  V"]
[Result "0-1"]
[WhiteElo "2412"]
[BlackElo "2538"]
[Annotator "TA"]
[PlyCount "62"]
[EventDate "2017.??.??"]
[EventType "swiss"]
[EventCountry "LAT"]
[SourceTitle "playchess.com"]
[Source "ChessBase"]
[SourceQuality "1"]

{[%evp 17,62,25,29,3,12,0,8,0,0,-8,-8,-14,-16,-31,-22,-24,-24,-18,-16,-22,-18,-26,-33,-46,-42,-60,-8,-52,-37,-68,-10,-14,0,0,0,0,0,0,0,-317,-306,-558,-312,-1035,-397,-762,-758]} 1. e4 c5 2. Nf3 Nc6 3. Bb5 e6 4. O-O Nge7 5. Re1 Ng6 6. c3 a6 7. Bf1 Be7 8. d4 cxd4 9. cxd4 d5 10. exd5 {B30: Sicilian: 2...Nc6 3 Bb5, lines without ...g6} (10. e5 O-O 11. Nc3 Nh4 12. Nxh4 Bxh4 13. Be3 Bd7 14. Rc1 b5 15. Ne2 f5 16. exf6 Qxf6 17. g3 Bg5 18. Bxg5 Qxg5 {½-½ (31) Ni,H (2646)-Wang,H (2737) China 2013}) 10... exd5 11. g3 $146 ({Predecessor:} 11. Nc3 O-O 12. Be3 Be6 13. Rc1 Na5 14. Qd2 h6 15. Bd3 Nc4 16. Qc2 Nh4 17. Nxh4 Nxe3 18. Rxe3 Bxh4 {½-½ (32) Becerra Rivero,J (2547)-Shabalov,A (2624) Connecticut 2004}) 11... Bg4 12. Bg2 {The position is equal.} O-O 13. Nc3 Qd7 14. Be3 Rad8 15. Qa4 Qf5 16. Nd2 Bh3 17. Bxh3 Qxh3 18. Qb3 Bb4 19. a3 Bxc3 20. bxc3 Rd6 $40 {[%mdl 128] Hoping for ...Nh4! Black mounts an attack.} 21. Nf3 Qf5 ({Black should try} 21... Na5 $15 22. Qb1 f5) 22. Qd1 Rc8 23. Rb1 Rd7 (23... Rf6 $15 24. Bg5 Qxf3 25. Bxf6 Qxf6 26. Rxb7 Na5) 24. Nd2 $11 Na5 25. Nb3 Nxb3 $1 26. Rxb3 Re7 {[%cal Bd7e7,Be7e4,Be4e2][%mdl 32]} 27. a4 h5 28. h4 $2 {[%mdl 8192] [#]} (28. Bd2 $11 {and White is okay.}) 28... Rce8 $1 $19 29. Rb1 $2 (29. Bd2 Qg4 30. Rb1) 29... Re4 30. Qd2 $2 {[#]} (30. Bd2 Nxh4 31. Rxe4 Rxe4 32. Rxb7) 30... Qf3 $2 (30... Nxh4 $1 {[%mdl 512] ( -> ...Qh3)} 31. gxh4 Rxh4) 31. Bg5 $2 (31. Qd1 Nxh4 32. Qxf3 (32. gxh4 $2 Qh3 $19) 32... Nxf3+ 33. Kf1 Nxe1 34. Kxe1) 31... Re2 {Precision: White = 22%, Black = 56%.} 0-1

[Event "7th RTU Open 2017"]
[Site "Riga"]
[Date "2017.08.10"]
[Round "6"]
[White "Krivonosov, Oleg"]
[Black "Kollars, Dmitrij"]
[Result "0-1"]
[WhiteElo "2397"]
[BlackElo "2514"]
[Annotator "TA"]
[PlyCount "105"]
[EventDate "2017.??.??"]
[EventType "swiss"]
[EventCountry "LAT"]
[SourceTitle "playchess.com"]
[Source "ChessBase"]
[SourceQuality "1"]

{[%evp 25,105,49,49,51,43,53,36,46,50,0,16,12,14,10,16,0,0,0,22,10,56,47,84,85,85,85,85,85,84,79,175,68,73,72,112,82,110,112,155,155,153,153,202,131,139,139,139,139,139,139,139,139,507,446,513,542,480,450,12838,12839,12839,12839,12840,12840,12841,12841,12843,12843,12846,12846,29985,29986,29987,29988,29988,29989,29990,29990,12851,29992,12851,29995]} 1. Nf3 Nf6 2. c4 g6 3. Nc3 Bg7 4. e4 d6 5. d4 O-O 6. Be2 e5 7. dxe5 dxe5 8. Qxd8 Rxd8 9. Bg5 c6 10. Nxe5 Re8 11. O-O-O Na6 12. Rd6 Nh5 13. Nd3 {E92: King's Indian: Classical: 6 Be2 e5: 7 dxe5, 7 Be3 and Petrosian System without 7...Nbd7} (13. Ng4 Bxg4 14. Bxg4 Bxc3 15. bxc3 Rxe4 16. Bxh5 gxh5 17. Rhd1 Rxc4 18. Bf6 Re8 19. f3 {½-½ (19) Kiselev,V (2535)-Skorchenko,D (2502) Dombai 2010}) 13... Bf8 $1 {[%cal Rf8d6] LiveBook: 3 Games} 14. Rd8 Rxd8 15. Bxd8 {White is slightly better.} Be6 16. Bg5 Bxc4 17. Nf4 $146 ({Predecessor:} 17. Rd1 Ng7 18. Be3 Ne6 19. Kb1 Nec5 20. Nc1 Be6 {1-0 (57) Narkun,M (2251)-Rodrigues,A (1747) LSS email 2008}) 17... Bxe2 18. Nfxe2 Nc5 19. Rd1 Ng7 20. Nd4 Re8 21. f3 a5 22. Kc2 f5 (22... Nge6 $5 {[%cal Re6g5]} 23. Be3 Nxd4+ 24. Bxd4 (24. Rxd4 f5 $11) 24... b5 $11) 23. exf5 Nxf5 24. Nxf5 gxf5 25. Bd8 $1 a4 26. Bb6 a3 27. bxa3 Re3 (27... Ne6 $16) 28. Bxc5 (28. Rd8 $18 {And now Bxc5 would win.} Rxc3+ 29. Kxc3 Na4+ 30. Kb3 Nxb6 31. a4) 28... Bxc5 $18 {[%mdl 4096] Endgame KRB-KRN} 29. Rd7 b5 30. a4 (30. Rd3 {with more complications.} Re8 31. a4 bxa4 32. Nxa4 Bb4 33. Nc3) 30... bxa4 31. Rd3 $1 Rxd3 32. Kxd3 $16 {KB-KN} a3 {[#]} 33. Ne2 $1 Bd6 34. h3 Kf7 35. Nd4 Kf6 36. Nxc6 h5 37. Nd4 Ke5 38. Ne2 Kd5 $2 {[%mdl 8192]} (38... h4 $16 39. f4+ Kd5) 39. g3 $18 {[%cal Bg2g3,Bg3f4][%mdl 32]} Ke5 40. h4 Kd5 41. Nf4+ Bxf4 (41... Ke5 $142 42. Kc4 Kf6 43. Nxh5+ Kg6) 42. gxf4 {KP-KP} Kc5 {[#]} 43. Kc3 $1 {[%cal Rc3b3]} Kd5 44. Kb4 Kd4 45. Kxa3 Ke3 46. Kb4 Kxf4 47. a4 Kxf3 {KPP-KPP} 48. a5 Ke2 49. a6 f4 50. a7 f3 51. a8=Q f2 52. Qg2 Ke1 53. Kc3 {[%mdl 32768] Precision: White = 78%, Black = 32%. . Sensor Board Error (Ke4/e5)?} 0-1

[Event "7th RTU Open 2017"]
[Site "Riga"]
[Date "2017.08.10"]
[Round "6"]
[White "Agmanov, Zhandos"]
[Black "Schroeder, Jan-Christian"]
[Result "1/2-1/2"]
[WhiteElo "2393"]
[BlackElo "2539"]
[Annotator "TA"]
[PlyCount "36"]
[EventDate "2017.??.??"]
[EventType "swiss"]
[EventCountry "LAT"]
[SourceTitle "playchess.com"]
[Source "ChessBase"]
[SourceQuality "1"]

{[%evp 18,36,48,5,27,30,10,0,0,2,12,-9,-11,-8,0,-8,-3,-8,-10,-10,116]} 1. e4 e5 2. Nf3 Nc6 3. Bc4 Nf6 4. d3 Bc5 5. c3 O-O 6. O-O d6 7. a4 a6 8. h3 Ba7 9. Re1 Ne7 10. Nbd2 c6 {C54: Giuoco Piano: 4 c3 Nf6, main lines with 5 d4 and 5 d3} 11. Bb3 Ng6 12. d4 $146 {The position is equal.} ({Predecessor:} 12. Nf1 d5 13. Ng3 h6 14. exd5 Nxd5 15. d4 exd4 16. Nxd4 Re8 17. Rxe8+ Qxe8 18. Bxd5 cxd5 {½-½ (40) Tomashevsky,E (2724)-Jakovenko,D (2714) Novosibirsk 2016}) 12... exd4 13. cxd4 d5 14. e5 Nh5 $1 15. Nf1 f6 16. Bc2 Nhf4 17. Ra3 fxe5 18. Nxe5 Qh4 (18... Bf5 $11) 1/2-1/2

[Event "7th RTU Open 2017"]
[Site "Riga"]
[Date "2017.08.10"]
[Round "6"]
[White "Pershin, Denis"]
[Black "Christiansen, Johan-Sebastian"]
[Result "1-0"]
[WhiteElo "2353"]
[BlackElo "2475"]
[Annotator "TA"]
[PlyCount "84"]
[EventDate "2017.??.??"]
[EventType "swiss"]
[EventCountry "LAT"]
[SourceTitle "playchess.com"]
[Source "ChessBase"]
[SourceQuality "1"]

{[%evp 9,84,0,23,13,0,9,11,25,7,32,29,23,16,9,5,24,31,-26,0,0,0,0,0,0,0,0,42,33,38,37,58,1,0,-16,-6,0,0,-15,-22,-58,85,72,172,172,157,148,377,361,378,357,327,241,237,0,0,0,77,75,181,181,566,593,530,542,643,639,665,681,693,695,706,664,29981,29982,29982,29983,29986]} 1. d4 d5 2. Nc3 Nf6 3. Bf4 a6 4. e3 e6 5. g4 h6 (5... c5 6. g5 Nfd7 7. Nf3 Nc6 8. a3 b5 9. h4 Bb7 10. h5 Nb6 11. Ne5 Nxe5 12. Bxe5 {1-0 (26) Carlsen,M (2832)-Caruana,F (2808) Stavanger 2017}) 6. Qf3 {D00: 1 d4 d5: Unusual lines} b5 $146 ({Predecessor:} 6... b6 7. O-O-O Bb7 8. Nge2 Nbd7 9. h4 Bd6 10. Bg2 Bxf4 11. Nxf4 Qe7 {½-½ (46) Nadassy,A (2062)-Lukacs,A (1735) Budapest 2012}) 7. h4 b4 8. Nce2 {The position is equal.} c5 9. g5 Ne4 10. Ng3 Bb7 11. gxh6 gxh6 12. Bd3 {[%cal Rg3e4]} Nf6 13. c3 (13. Be5 $14 Nbd7 14. Nh5) 13... Nbd7 14. cxb4 cxd4 15. exd4 Bxb4+ 16. Kf1 Qb6 17. N1e2 Bd6 18. Bxd6 Qxd6 19. Rc1 Rg8 20. Nh5 (20. Qe3 $14) 20... Ke7 $11 21. Neg3 Nxh5 (21... Ne4 $5 {[%cal Re4d2]} 22. Qe3 a5 $15) 22. Nxh5 Qb6 23. Qf4 Rac8 24. Re1 Qxb2 {[#]} (24... a5 $15 {stays ahead.} 25. Re2 Ba6) 25. Rh3 $1 $36 {[%cal Rh3f3][%mdl 2048] Threatens to win with Rf3. White is really pushing.} Qc3 (25... Bc6 $16) 26. Rhe3 $18 ({Much less strong is} 26. Rf3 $6 Kd8 $14) 26... Rcf8 27. Rb1 Bc6 $2 {[#]} (27... Bc8 $16 {might work better.}) 28. Ng3 $1 {[%cal Rg3f5]} Rxg3 29. Rxg3 (29. Qxg3 Qxd4 30. h5 Bb5 $11) 29... Qa5 30. Rb2 Qa4 31. Qc7 $2 ({White should play} 31. Qe3 $18) 31... Qxd4 $11 32. Rb1 Ba4 (32... Qc5 $11) 33. Rb7 $16 {Black must now prevent Kg1.} Rd8 (33... f5 $16 {was called for.}) 34. Bxa6 $18 Qxh4 $2 (34... Ra8 {is tougher.}) 35. Qc5+ Kf6 36. Qc3+ e5 {intending ...Qh1+.} 37. Rb4 ({Not} 37. Qf3+ Ke6 $16) 37... Qh1+ 38. Rg1 Qh5 39. Be2 d4 40. Qg3 Qf5 41. Qh4+ Ke6 42. Bg4 (42. Bc4+ Kd6 $18) 42... Kd5 {Precision: White = 72%, Black = 36%.} 1-0

[Event "7th RTU Open 2017"]
[Site "Riga"]
[Date "2017.08.10"]
[Round "6"]
[White "Badelka, Olga"]
[Black "Baldauf, Marco"]
[Result "0-1"]
[WhiteElo "2335"]
[BlackElo "2460"]
[Annotator "TA"]
[PlyCount "86"]
[EventDate "2017.??.??"]
[EventType "swiss"]
[EventCountry "LAT"]
[SourceTitle "playchess.com"]
[Source "ChessBase"]
[SourceQuality "1"]

{[%evp 10,86,2,-8,8,-28,-34,-40,10,0,7,-1,8,0,21,-8,29,0,0,-30,-21,-22,-8,-32,-36,-42,12,-3,0,0,25,-15,26,0,0,0,11,-186,-186,-169,-163,-275,-263,-267,-275,-255,-255,-420,-426,-416,-397,-560,-557,-543,-543,-530,-499,-529,-490,-496,-460,-1095,-1082,-1404,-1369,-1404,-1404,-1052,-1071,-5314,-5297,-29989,-29987,-29990,-29962,-29979,0,-29990,-29991]} 1. c4 g6 2. g3 c5 3. Bg2 Bg7 4. Nc3 Nc6 5. d3 e6 6. Bxc6 bxc6 {A36: Symmetrical English vs ...g6: 4 Bg2 Bg7} 7. Qd2 d6 8. b3 Ne7 {Black is slightly better.} 9. Bb2 e5 10. O-O-O Be6 $146 ({Predecessor:} 10... O-O 11. f4 Nf5 12. Nf3 f6 13. Rdf1 Qe7 {0-1 (13) Rakhmanov,A (2637)-Fressinet,L (2702) Bastia 2015}) 11. e4 Qd7 12. f3 O-O-O 13. Kc2 h5 {[%cal Bh7h5,Bh5h4][%mdl 32]} 14. a3 h4 {White should prevent ...hxg3.} 15. g4 f6 16. h3 Bh6 17. Qf2 f5 ({Black should try} 17... g5 $15) 18. Bc1 Bxc1 19. Rxc1 Kc7 (19... fxg4 20. hxg4 a5 21. Nh3 $14 (21. Rxh4 g5 $16)) 20. b4 Rb8 21. bxc5 d5 $1 $36 {[%cal Rd5c4][%mdl 2048] White is under pressure.} 22. Nge2 $1 d4 23. Nd1 $2 {[#]} (23. Qh2 $11 {and White is okay.} f4 {[#]} 24. Nxf4 $1 {[%mdl 512]} exf4 25. Qxf4+ Kb7 26. Rb1+ Ka8 27. Rxb8+ Rxb8 28. Rb1) 23... Bxc4 $1 $19 {[%mdl 512]} 24. Kd2 (24. dxc4 d3+) 24... Ba6 {Strongly threatening ...Rb3.} 25. gxf5 (25. Rc2 {was worth a try.}) 25... gxf5 26. Qh2 f4 27. Rg1 Qe6 {...Qb3 is the strong threat.} (27... Rb3 28. Nf2 $19) 28. Rg7 $2 (28. Rc2 {is the only way for White.}) 28... Rbg8 29. Rxg8 Rxg8 ({Less strong is} 29... Qxg8 30. Nf2 $17) 30. Rb1 (30. Nb2 {might work better.} Qa2 31. Rc2 Qxa3 32. Nc1) 30... Qa2+ 31. Rb2 Qxa3 32. Nxf4 {intending Nd5+!} Rg3 ({Stronger than} 32... exf4 33. Qxf4+ Kd8 34. Qd6+ (34. Rb8+ Bc8 $11) 34... Ke8 35. Rb8+ Kf7 36. Qf4+ Kg6 37. Qg4+ Kh6 38. Qf4+ Kg7 39. Qg5+ Kf7 40. Qf4+ Ke6 41. Qd6+ Kf7 42. Qf4+ $11) 33. Ne2 Qxd3+ 34. Ke1 Rg5 (34... Qxf3 $2 35. Nxg3 hxg3 36. Qg2 $19) 35. f4 {[#]} (35. Qf2 $142 Ng6 36. Rd2) 35... Rg3 $1 {[%mdl 512]} 36. fxe5 (36. Nxg3 hxg3) 36... Qxe4 37. Nf2 Qe3 38. Ng4 {[#]} Qa3 $1 {[%mdl 512] ( -> ...Qa1+)} 39. Rd2 Bxe2 40. Rxe2 Qc1+ 41. Kf2 Qf4+ 42. Ke1 Qc1+ 43. Kf2 d3 {Precision: White = 30%, Black = 51%.} 0-1

[Event "7th RTU Open 2017"]
[Site "Riga"]
[Date "2017.08.13"]
[Round "9"]
[White "Nabaty, Tamir"]
[Black "Boruchovsky, Avital"]
[Result "1/2-1/2"]
[WhiteElo "2654"]
[BlackElo "2556"]
[Annotator "TA"]
[PlyCount "140"]
[EventDate "2017.??.??"]
[EventType "swiss"]
[EventCountry "LAT"]
[SourceTitle "playchess.com"]
[Source "ChessBase"]
[SourceQuality "1"]

{[%evp 9,140,15,29,21,17,26,27,6,52,55,55,41,28,13,18,0,22,14,87,45,41,0,0,0,7,11,20,22,58,6,5,22,129,118,132,125,349,296,335,319,355,217,216,205,197,205,193,161,161,157,168,170,170,91,99,77,69,73,69,69,81,64,89,28,12,0,5,5,140,16,16,0,12840,12840,12844,12844,12851,12851,12851,12851,12851,12851,12851,0,0,0,0,0,0,0,0,0,0,0,0,0,0,0,0,0,0,0,0,0,0,0,0,0,0,0,0,0,0,0,0,0,0,0,0,0,0,0,0,0,0,0,0,0,0,0,0,0,0]} 1. d4 Nf6 2. c4 e6 3. Nf3 d5 4. e3 c6 5. Nbd2 Be7 6. b3 {D30: Queen's Gambit Declined: Systems without Nc3} (6. Bd3 dxc4 7. Nxc4 c5 8. dxc5 Bxc5 9. a3 a6 10. b4 Ba7 11. Bb2 Nc6 12. Nfe5 Nxe5 13. Nxe5 O-O {1-0 (45) Brunello,S (2582)-Duda,J (2587) Ruzomberok 2014}) 6... O-O 7. Bb2 a5 8. a3 {White has an edge.} a4 $146 ({Predecessor:} 8... Nbd7 9. Qc2 Rb8 10. Bd3 Re8 11. O-O Nf8 12. Ne5 N6d7 13. f4 f6 {1-0 (48) Pakhomov,E (2353)-Slugin,A (2100) Tomsk 2009}) 9. b4 $1 b6 10. Rc1 c5 11. bxc5 bxc5 12. cxd5 Nxd5 13. dxc5 {White wants to play c6.} Ra5 (13... Nd7 $1 $11) 14. Bd4 Nc6 15. Nc4 Bxc5 16. Bb2 Ra7 17. Bd3 $36 {[%mdl 2048] White has good play.} Ba6 18. O-O f5 19. Qxa4 (19. Re1 $14) 19... Ncb4 20. axb4 Bxc4 (20... Nxb4 $11 {keeps the balance.} 21. Bxf5 Bxc4) 21. Qc6 $16 Bxd3 22. Qxe6+ ({And not} 22. bxc5 Qe7 $15) ({Don't take} 22. Rxc5 $6 Qe7 $11) 22... Kh8 $2 (22... Raf7 $16) 23. Rxc5 $18 Be4 24. Rfc1 {Threatens to win with Rc8.} Re7 25. Qc8 Nxb4 26. Qxd8 Rxd8 27. Rc8 Ree8 28. Rxd8 Rxd8 29. Ng5 Kg8 {[#]} 30. Bxg7 $1 {[%mdl 512]} Nd3 (30... Kxg7 31. Ne6+) 31. Rc7 (31. Rd1 $18) 31... Rb8 $16 {( -> ...Rb1+)} 32. h3 Rb1+ 33. Kh2 Rb7 34. Rc3 Kxg7 35. f3 Kf6 36. h4 (36. fxe4 $16 Kxg5 37. Rxd3) 36... h6 $11 37. fxe4 hxg5 38. hxg5+ Ke5 {[#]} (38... Kxg5 $11 39. Rxd3 fxe4) 39. Rxd3 ({White must play} 39. exf5 $1 $16 Ke4 40. Kg3) 39... Kxe4 $16 {[%mdl 4096] Endgame KR-KR} 40. Rd6 {And now Kg3 would win.} Rg7 $2 {[%mdl 8192]} (40... f4 $11) 41. g6 $18 f4 {[#]} 42. exf4 $1 Kxf4 43. Kh3 Kg5 44. Rd4 Kf6 45. Rf4+ Ke6 46. Rg4 $2 (46. g4 $18 {aiming for Kh4.} Rxg6 47. Kh4) 46... Ke7 $11 {The position is equal.} 47. Kh4 Kf8 48. Kg5 Ra7 49. Kh6 Ra1 50. g3 {Kh7 is the strong threat.} (50. Rh4 $5 {[%cal Rh6h7]} Kg8 51. Rb4 Rh1+ 52. Kg5 $14) 50... Kg8 51. Rg5 (51. Re4 $5 {[%cal Re4e8]} Rh1+ 52. Rh4 $14) 51... Rh1+ 52. Rh5 Rg1 53. Ra5 {[%cal Ra5a8]} Rh1+ 54. Kg5 Rb1 55. g4 Rc1 56. Re5 Rf1 57. Rd5 Rf2 58. Rd7 Rf1 59. Re7 Rf2 60. Rf7 Ra2 61. Rf5 Ra1 62. Re5 Rf1 63. Re8+ Kg7 64. Re7+ Kg8 65. g7 {Strongly threatening Kg6.} Ra1 66. Kf6 {Re8+ would kill now.} Ra6+ 67. Re6 Rxe6+ 68. Kxe6 {White threatens Kf6 and mate.} Kxg7 69. Ke5 Kg6 70. Kf4 (70. g5 $5) 70... Kf6 {Precision: White = 59%, Black = 67%.} 1/2-1/2